000 00538nam a22001937i 4500
001 3559
003 OSt
005 20170126082320.0
007 tu
008 161220s1996 xxu||||| |||| 00| 0 d
024 7 _a3558
_2RID
040 _cOSt
084 _a11.352
_2z
100 1 _aSchnatz, Bernd
245 0 0 _aCapital Inflows and Real Appreciation in Emerging Markets - Further Empirical Evidence
260 _aHamburg :
_bHWWA-Institut für Wirtschaftsforschung,Hamburg,
_c1996.
300 _a18 S. ;
_c30cm.
490 _aHWWA-Diskussionspapier
_v39
942 _cB
999 _c3506
_d3506